书目信息 |
| 题名: |
影像地图译文专辑
|
|
| 作者: | ;国家测绘总局测绘研究所 译 | |
| 分册: | ||
| 出版信息: | 北京 测绘出版社 1978 |
|
| 页数: | 134页 | |
| 开本: | 26cm | |
| 丛书名: | ||
| 单 册: | ||
| 中图分类: | P28 | |
| 科图分类: | ||
| 主题词: | 影像地图--文集 , 地图学 | |
| 电子资源: | ||
| ISBN: | ||
| 000 | 00667nam0 2200241 45 | |
| 001 | 0178006245 | |
| 005 | 20040520154912.8 | |
| 010 | @dCNY0.79 | |
| 091 | @a15039.新87 | |
| 100 | @a19950726d1978 kemy0chiy0121 ea | |
| 101 | 0 | @achi |
| 102 | @aCN@b110000 | |
| 105 | @ay z 000yy | |
| 106 | @ar | |
| 200 | 10 | @a影像地图译文专辑@Aying xiang di tu yi wen zhuan ji@f国家测绘总局测绘研究所译 |
| 210 | @a北京@c测绘出版社@d1978 | |
| 215 | @a134页@d26cm | |
| 606 | @a影像地图@x文集 | |
| 606 | 0 | @a地图学 |
| 690 | @aP28 | |
| 711 | 02 | @a国家测绘总局测绘研究所@Aguo jia ce hui zong ju ce hui yan jiu suo@4译 |
| 801 | 0 | @aCN@bNLC@c20040520 |
| 905 | @f2@b5030-031@dP28@e1 | |
| 影像地图译文专辑/国家测绘总局测绘研究所译.-北京:测绘出版社,1978 |
| 134页;26cm |
| ISBN :CNY0.79 |
| ● |
| 相关链接 |
|
|
|
|
正题名:影像地图译文专辑
索取号:P28/1
 
预约/预借
| 序号 | 登录号 | 条形码 | 馆藏地/架位号 | 状态 | 备注 |
| 1 | 0005030 | 000072058 | 第三借阅区/ [索取号:P28/1] | 在馆 | |
| 2 | 0005031 | 000072076 | 第三借阅区/ [索取号:P28/1] | 在馆 | |
| 3 | 0005032 | 000072067 | 第二样本阅览室/ [索取号:P28/1] | 在馆 |